| 000 | 04301nam a22006135i 4500 | ||
|---|---|---|---|
| 001 | 978-3-319-44841-1 | ||
| 003 | DE-He213 | ||
| 005 | 20210118144341.0 | ||
| 007 | cr nn 008mamaa | ||
| 008 | 161021s2017 gw | s |||| 0|eng d | ||
| 020 |
_a9783319448411 _9978-3-319-44841-1 |
||
| 024 | 7 |
_a10.1007/978-3-319-44841-1 _2doi |
|
| 050 | 4 | _aQC793-793.5 | |
| 050 | 4 | _aQC174.45-174.52 | |
| 072 | 7 |
_aPHQ _2bicssc |
|
| 072 | 7 |
_aSCI051000 _2bisacsh |
|
| 072 | 7 |
_aPHQ _2thema |
|
| 082 | 0 | 4 |
_a539.72 _223 |
| 100 | 1 |
_aMousseau, Joel Allen. _eauthor. _4aut _4http://id.loc.gov/vocabulary/relators/aut |
|
| 245 | 1 | 0 |
_aFirst Search for the EMC Effect and Nuclear Shadowing in Neutrino Nuclear Deep Inelastic Scattering at MINERvA _h[electronic resource] / _cby Joel Allen Mousseau. |
| 250 | _a1st ed. 2017. | ||
| 264 | 1 |
_aCham : _bSpringer International Publishing : _bImprint: Springer, _c2017. |
|
| 300 |
_aXVI, 147 p. 32 illus., 23 illus. in color. _bonline resource. |
||
| 336 |
_atext _btxt _2rdacontent |
||
| 337 |
_acomputer _bc _2rdamedia |
||
| 338 |
_aonline resource _bcr _2rdacarrier |
||
| 347 |
_atext file _bPDF _2rda |
||
| 490 | 1 |
_aSpringer Theses, Recognizing Outstanding Ph.D. Research, _x2190-5053 |
|
| 505 | 0 | _a1. Introduction -- 2. Theory -- 3. Event Simulation -- 4. Neutrino Beamline -- 5. The Minerva Detector and Simulation -- 6. Event Reconstruction -- 7. Overview of the Measurement -- 8. Event Selection and Efficiency -- 9. Backgrounds -- 10. Systematic Uncertainties -- 11. Reconstructed and Unfolded Event Yields -- 12. Efficiency Correction and Flux Division -- 13. Cross Section Results -- 14. Conclusions -- Appendix -- A. Sideband Pilots -- B. Non-dis Event Uncertainties (After Tuning) -- C. Plastic Background Subtraction -- D. Migration Matrices -- E. Event Yields (Reconstructed) -- F. Dis Event Yields (Unfolded Kinematics) -- G. Efficiency Plots. . | |
| 520 | _aThis thesis details significant improvements in the understanding of the nuclear EMC effect and nuclear shadowing in neutrino physics, and makes substantial comparisons with electron scattering physics. Specifically, it includes a world's first systematic study of the EMC ratios of carbon, iron and lead to plastic scintillator of neutrinos. The analysis presented provides the best evidence to date that the EMC effect is similar between electrons and neutrinos within the sensitivity of the data. Nuclear shadowing is measured systematically for the first time with neutrinos. In contrast with the data on the EMC effect, the data on nuclear shadowing support the conclusion that nuclear shadowing may be stronger for neutrinos than it is for electrons. This conclusion points to interesting new nuclear physics. | ||
| 650 | 0 | _aElementary particles (Physics). | |
| 650 | 0 | _aQuantum field theory. | |
| 650 | 0 | _aParticle acceleration. | |
| 650 | 0 | _aPhysics. | |
| 650 | 1 | 4 |
_aElementary Particles, Quantum Field Theory. _0http://scigraph.springernature.com/things/product-market-codes/P23029 |
| 650 | 2 | 4 |
_aParticle Acceleration and Detection, Beam Physics. _0http://scigraph.springernature.com/things/product-market-codes/P23037 |
| 650 | 2 | 4 |
_aMathematical Methods in Physics. _0http://scigraph.springernature.com/things/product-market-codes/P19013 |
| 710 | 2 | _aSpringerLink (Online service) | |
| 773 | 0 | _tSpringer eBooks | |
| 776 | 0 | 8 |
_iPrinted edition: _z9783319448404 |
| 776 | 0 | 8 |
_iPrinted edition: _z9783319448428 |
| 776 | 0 | 8 |
_iPrinted edition: _z9783319831473 |
| 830 | 0 |
_aSpringer Theses, Recognizing Outstanding Ph.D. Research, _x2190-5053 |
|
| 856 | 4 | 0 | _uhttps://doi.org/10.1007/978-3-319-44841-1 |
| 912 | _aZDB-2-PHA | ||
| 999 |
_c451501 _d451501 |
||
| 942 | _cEB | ||
| 506 | _aAvailable to subscribing member institutions only. Доступно лише організаціям членам підписки. | ||
| 506 | _fOnline access from local network of NaUOA. | ||
| 506 | _fOnline access with authorization at https://link.springer.com/ | ||
| 506 | _fОнлайн-доступ з локальної мережі НаУОА. | ||
| 506 | _fОнлайн доступ з авторизацією на https://link.springer.com/ | ||